Statistics for Countries by Highest Life Expectancy

Click here to take the quiz!

General Stats

  • This quiz has been taken 23 times
  • The average score is 12 of 15

Answer Stats

Country% Correct
Norway
100%
Sweden
100%
France
95%
Japan
95%
Iceland
86%
Italy
86%
Canada
81%
Spain
81%
Switzerland
81%
Ireland
76%
South Korea
76%
Singapore
67%
Australia
62%
Israel
43%
Malta
33%

Score Distribution

Percentile by Number Answered

Percent of People with Each Score

Your Score History

You have not taken this quiz